000 01848nam0a2200325 4500
001 RU\NLR\BIBL_A\022096715
005 20240112112655.0
010 _a978-5-9929-1242-5
_9300
021 _aRU
_bКН-П-23-071939
_9КН-П-23-7284
035 _a(NLR Aleph) 022096715
090 _a12733428
_c12733428
100 _a20231214d2022 k y0rusy50 ca
101 0 _arus
102 _aRU
105 _aa j 000yy
181 0 _ai
_baxxe
182 0 _an
200 1 _aОсновы черчения узлов и деталей машин
_eучебное пособие
_eизучающим дисциплины "Инженерная графика" и "Машиностроительное черчение"
_fЮ. П. Мельков, А. В. Сытин
_gМинистерство науки и высшего образования Российской Федерации, Федеральное государственное бюджетное образовательное учреждение высшего образования "Орловский государственный университет имени И. С. Тургенева"
203 _aТекст
_bвизуальный
_cнепосредственный
210 _aОрел
_cОГУ имени И. С. Тургенева
_d2022
215 _a170 с.
_cил.
_d21
320 _aБиблиогр.: с. 163-170
606 1 _aДетали машин
_jУчебные издания для высших учебных заведений
_xЧерчение
_91528106
_3RU\NLR\AUTH\66665096
686 1 _aЖ112я73-1
700 1 _aМельков
_bЮ. П.
_gЮрий Петрович
701 1 _aСытин
_bА. В.
_f1982-
_gАнтон Валерьевич
942 _cBOOK
980 _aNB